Bayesian information topologies.

Štúdia intuitívnej bayesovskej metódy topologizovania informačných štruktúr.

Na minha lista:
Detalhes bibliográficos
Autor principal: Stinchcombe, M.B
Formato: Capítulo de Livro
Idioma:inglês
Assuntos:
Tags: Adicionar Tag
Sem tags, seja o primeiro a adicionar uma tag!

MARC

LEADER 00000naa a2200000 4500
001 r001982
005 20220909073903.2
041 0 |a eng 
044 |a NL 
245 1 0 |a Bayesian information topologies.  |c M.B. Stinchcombe 
520 |a Štúdia intuitívnej bayesovskej metódy topologizovania informačných štruktúr. 
610 2 0 |a metódy matematické 
610 2 0 |a matematika 
100 1 |a Stinchcombe, M.B.